Detalles MARC
| 000 -LIDER |
| fixed length control field |
01159nam a22003137 4500 |
| 001 - NÚMERO DE CONTROL |
| Identificador de número de control |
|
| 003 - IDENTIFICACDOR DE NÚMERO DE CONTROL |
| control field |
|
| 005 - DATE AND TIME OF LATEST TRANSACTION |
| control field |
20220427112357.0 |
| 008 - ELEMENTOS DE LONGITUD FIJA |
| fixed length control field |
961119s1994 dr | ||| ||spa |
| 040 ## - FUENTE DE CATALOGACIÓN |
| Agencia que crea de manera original el registro |
BPMSU |
| Idioma de catalogación |
spa |
| Agencia que realiza la transcripción |
BPMSU |
| Convenciones de la despripción |
|
| 082 ## - NÚMERO DE CLASIFICACIÓN DECIMAL DE DEWEY |
| Classification number |
RD868.42 |
| Item number |
N789o 1994 |
| Edition number |
22 |
| 100 1# - ASIENTO PRINCIPAL -- NOMBRE PERSONAL |
| Nombre personal |
Nolasco, Sócrates |
| Fechas asociadas con el nombre |
1884-1980 |
| 245 10 - MENCIÓN DE TITULO |
| Título |
Obras Completas / |
| Mención de responsabilidad |
Sócrates Nolasco ; estudio preliminar de Carlos Esteban Deive. |
| 246 13 - VARIACION DEL TÍTULO |
| Título propiamente dicho o título corto |
Obras completas, Sócrates Nolasco |
| 260 ## - PUBLICACIÓN, DISTRIBUCIÓN, ETC. (PIE DE IMPRENTA) |
| Lugar de publicación, distribución, etc |
Santo Domingo : |
| Nombre del editor, distribuidor, etc. |
Fundación Corripio, |
| Fecha de publicación, distribución, etc |
1994 |
| 300 ## - DESCRIPCIÓN FÍSICA |
| Extensión |
3 v. |
| Dimensiones |
23 cm |
| 490 0# - MENCIÓN DE SERIES |
| Mención de serie |
Biblioteca de clásicos dominicanos |
| Volume/sequential designation |
18-19 |
| 500 ## - NOTA GENERAL |
| Materiales especificados |
Incluye referencias bibliográficas y notas al pie de las páginas |
| 500 ## - NOTA GENERAL |
| Materiales especificados |
Incluye datos biográficos del autor en la solapa de la cubierta |
| 505 0# - NOTA DE CONTENIDO |
| Texto normalizado de contenido |
v.1 : |
| Título |
Cuentos -- |
| Información miscelánea |
v. 2 : |
| Título |
Ensayos históricos -- |
| Información miscelánea |
V.3 : |
| Título |
Ensayos literarios. |
| 590 ## - NOTA LOCAL |
| Enlace |
Inventariado, 2022/VM |
| 650 #4 - ENCABEZAMIENTO DE MATERIA--TEMÁTICO |
| Término temático o nombre geográfico como elemento de entrada |
Literatura dominicana |
| Subdivisión temática general |
Historia y crítica |
| Subdivisión cronológica |
S.XX |
| Fuente del encabezamiento o término |
|
| 650 #4 - ENCABEZAMIENTO DE MATERIA--TEMÁTICO |
| Término temático o nombre geográfico como elemento de entrada |
Cuentos dominicanos. |
| 650 #4 - ENCABEZAMIENTO DE MATERIA--TEMÁTICO |
| Término temático o nombre geográfico como elemento de entrada |
Ensayos dominicanos. |
| 651 #4 - ENCABEZAMIENTO DE MATERIA--NOMBRE GEOGRÁFICO |
| Nombre geográfico |
República Dominicana |
| Subdivisión temática general |
Historia |
| Fuente del encabezamiento o término |
|
| 910 ## - VALIDACIÓN |
| Validación |
VMateo V. |
| 942 ## - ADDED ENTRY ELEMENTS (KOHA) |
| Koha item type |
Libros |
| Source of classification or shelving scheme |
Dewey Decimal Classification |
| 956 ## - LOCAL ELECTRONIC LOCATION AND ACCESS (OCLC) |
| Nombre de host |
|